000 00516nam a2200181 i 4500
001 90984
003 ES-MaACL
005 20250626063146.0
007 t|
008 050126q19201929sp ||||1| spa d
100 1 _aLeón, Ricardo,
_d1877-1943
_971597
245 1 3 _aEl amor de los amores
_b: novela /
_cRicardo León.
250 _a19ª ed.
260 _aMadrid :
_bBiblioteca Nueva,
_c[192-?] (
_fSèz)
300 _a371 p. ;
_c19 cm.
852 _aES-MaACL
_jC-13853
_bR.41633
999 _c90984
_d90984